LEADER 01085cam2 22003013 450 001 SOBE00028700 005 20231214093600.0 010 $a0-19-814520-9 100 $a20121123d1921 |||||ita|0103 ba 101 $aeng 102 $aUS 200 0 $a2.2$frecognovit brevique adnotatione critica instruxit W. Rennie 210 $aOxonii$ce Typographeo Clarendoniano$dc1921 215 $a1 v.$d18 cm 225 2 $aScriptorum classicorum bibliotheca Oxoniensis 410 1$1001LAEC00016747$12001 $a*Scriptorum classicorum bibliotheca Oxoniensis 461 1$1001SOBE00028697$12001 $aDemosthenis Orationes 700 0$aDemosthenes$3AF00012552$4070$0167473 702 1$aRennie, W.$3SOBA00005212$4070 801 0$aIT$bUNISOB$c20231214$gRICA 850 $aUNISOB 852 $aUNISOB$j870|Coll|14|K$m76249 912 $aSOBE00028700 940 $aM 102 Monografia moderna SBN 941 $aM 957 $a870|Coll|14|K$b000029$i-3$gSI$d76249$racquisto$tN$1cutolo$2UNISOB$3UNISOB$420121123111241.0$520231214093600.0$6Spinosa$fRistampa 1991 996 $a2.2$91716483 997 $aUNISOB